Statistics for Countries of Europe in 476 AD (with a Map)

Click here to take the quiz!

General Stats

  • This quiz has been taken 5,354 times
  • The average score is 11 of 82

Answers on the Map

Answers color-coded by a green-red scale on the quiz's map according to % correct below.
 

Answer Stats

Country% Correct
Byzantine Empire
94%
Italy
76%
San Marino
63%
Visigoths
46%
Vandals
39%
Cornwall
37%
Lundein
36%
Ostrogothia (Sweden)
36%
Ostrogoths (Balkans)
36%
Francia
35%
Suebi
32%
Ulaid
30%
Dalmatia
29%
Burgundy
28%
Munster
28%
Sussex
27%
Kent
26%
Connacht
21%
Ebrauc
21%
Leinster
21%
Ynys Manw
21%
Gotland
20%
Strathclyde
14%
Caer Went
13%
Scania
13%
Viken
13%
Caer Colun
12%
Ce
12%
Meath
12%
Gwynedd
11%
Powys
11%
Soissons
11%
Alamannia
9%
Cat
9%
Gepids
9%
Ynys Weith
8%
Gwent
6%
Ailech
5%
Caer Lerion
5%
Domnonée
5%
Dumnonia
5%
Dyfed
5%
Agder
4%
Bryneich
4%
Ceredigion
4%
Dál Riata
4%
Dani
4%
Dewyr
4%
Fib
4%
Lofoten
4%
Rugii
4%
Trøndelag
4%
Westrogothia
4%
Airgíalla
3%
Elmet
3%
Galloway
3%
Linnuis
3%
Rheged
3%
Baddan
2%
Broërec
2%
Brycheiniog
2%
Caer Guendoleu
2%
Celemion
2%
Ceri
2%
Circind
2%
Cornouaille
2%
Cynwidion
2%
Dobunni
2%
Ergyng
2%
Fidach
2%
Fortriu
2%
Fotla
2%
Glywysing
2%
Gododdin
2%
Gwintguic
2%
Middle Norlandia
2%
Pennines
2%
Ranrike
2%
Solør
2%
Svitjod
2%
Ystrad Tywi
2%
Ytene
2%

Score Distribution

Percentile by Number Answered

Percent of People with Each Score

Your Score History

You have not taken this quiz